[Event "Alcorcon Diagonal op 2nd"]
[Site "Alcorcon"]
[Date "2023.12.26"]
[Round "1"]
[White "Chekanov, Timur"]
[Black "Duran Abia, Lucas"]
[Result "1-0"]
[WhiteElo "1723"]
[BlackElo "1104"]
[PlyCount "117"]
[EventDate "2023.12.26"]
[EventType "swiss"]
[EventRounds "9"]
[EventCountry "ESP"]
[SourceTitle "CB01_2024"]
[SourceDate "2024.01.03"]
[SourceVersion "1"]
[SourceVersionDate "2024.01.03"]
[SourceQuality "1"]

1. d4 Nf6 2. Nf3 g6 3. c4 Bg7 4. Nc3 0-0 5. g3 d6 6. Bg2 Bg4 7. 0-0 Nbd7 8. h3 Bxf3 9. Bxf3 c6 10. e4 Qc7 11. Be3 e5 12. Rc1 Ne8 13. Bg2 exd4 14. Bxd4 Bxd4 15. Qxd4 Ne5 16. f4 c5 17. Qd1 Nxc4 18. Nd5 Nxb2 19. Qb3 Qd7 20. Qxb2 Rb8 21. Rfd1 b5 22. Nf6+ Nxf6 23. Qxf6 Rbd8 24. Rd5 Rfe8 25. Rcd1 Re6 26. Qc3 Qc6 27. e5 Qb6 28. Qd2 c4+ 29. Kh2 b4 30. Rxd6 Rexd6 31. exd6 c3 32. Qd4 Qxd4 33. Rxd4 c2 34. Rc4 Rxd6 35. Rxc2 a5 36. Bc6 Rd3 37. Ba4 Ra3 38. Bb3 a4 39. Bc4 b3 40. axb3 axb3 41. Rb2 Ra2 42. Rxa2 bxa2 43. Bxa2 Kg7 44. Kg2 f5 45. Kf3 Kf6 46. h4 h6 47. Bb1 g5 48. hxg5+ hxg5 49. fxg5+ Kxg5 50. Bc2 Kf6 51. Kf4 Kg7 52. Kxf5 Kg8 53. g4 Kh7 54. g5 Kg7 55. g6 Kg8 56. Kf6 Kh8 57. g7+ Kg8 58. Bb3+ Kh7 59. g8Q+ 1-0

[Event "Alcorcon Diagonal op 2nd"]
[Site "Alcorcon"]
[Date "2023.12.26"]
[Round "2"]
[White "Duran Abia, Lucas"]
[Black "Huang, Liangpeng"]
[Result "0-1"]
[WhiteElo "1104"]
[BlackElo "1423"]
[PlyCount "62"]
[EventDate "2023.12.26"]
[EventType "swiss"]
[EventRounds "9"]
[EventCountry "ESP"]
[SourceTitle "CB01_2024"]
[SourceDate "2024.01.03"]
[SourceVersion "1"]
[SourceVersionDate "2024.01.03"]
[SourceQuality "1"]

1. e4 c5 2. Nf3 Nc6 3. d4 cxd4 4. Nxd4 e5 5. Nxc6 bxc6 6. Bc4 Nf6 7. Qf3 Be7 8. Bb3 0-0 9. Qe3 a5 10. a3 Qc7 11. Nc3 Bb7 12. Qg3 Nh5 13. Qg4 Nf4 14. Ne2 Ng6 15. 0-0 d5 16. exd5 cxd5 17. f4 e4 18. f5 Ne5 19. Qg3 Bd6 20. Qh4 Ba6 21. Re1 Bxe2 22. Rxe2 a4 23. Bxd5 Qc5+ 24. Re3 Qxd5 25. Rxe4 Rac8 26. Rd4 Bc5 27. c3 Bxd4+ 28. cxd4 Nd7 29. Qg4 Nf6 30. Qf4 Rc2 31. Be3 Qxg2# 0-1